00586nam a22001817a 450000500170000001000150001702000260003203500130005803700130007108200110008410000200009524501080011526000390022327000460026230000260030850000510033470000190038520150423121500.0 aENG-112288 a9788125056195c675.00 aEN-95820 bDBAD/PUB a954.09 aMenon, Nivedita aPower and contestation :cby Nivedita Menon [and] Aditya Nigam bIndia since 1989 with a new epilogue / aNew Delhi bOrient BlackSwanc2014 a1/24, Asaf Ali Road, bNew Delhi e110002 axii, 271p.c23cm(pbk) aIncludes bibliographical references and index  aNigam, Aditya